00361nam a22001337a 4500003000900000001000700009007000300016008003600019100001700055700001200072040003300084245010200117650000800219UA-OsUOA 5340 ta20050721b un ||||| |||| 00| 0 ukr d aЯровка aО. В. aUA-OsUOAcUA-OsUOAdUA-OsUOA aНавчання діалог. мовлення на стар. етапі заг. шк.bBA Paper 72UDC